<?xml version="1.0" encoding="UTF-8"?>
<marc:record xmlns:marc="http://www.loc.gov/MARC21/slim">
   <marc:leader>00000nam a2200000 a 4500</marc:leader>
   <marc:datafield ind1="1" ind2=" " tag="100">
      <marc:subfield code="a">Auer, Margit</marc:subfield>
      <marc:subfield code="4">aut</marc:subfield>
      <marc:subfield code="e">Verfasser/-in</marc:subfield>
   </marc:datafield>
   <marc:datafield ind1=" " ind2=" " tag="653">
      <marc:subfield code="a">ab 8</marc:subfield>
   </marc:datafield>
   <marc:datafield ind1="0" ind2="0" tag="245">
      <marc:subfield code="a">Henry und Leander</marc:subfield>
   </marc:datafield>
   <marc:datafield ind1=" " ind2="1" tag="264">
      <marc:subfield code="b">Chicken House - Carlsen</marc:subfield>
      <marc:subfield code="c">2018</marc:subfield>
   </marc:datafield>
   <marc:datafield ind1="1" ind2=" " tag="490">
      <marc:subfield code="a">Die Schule der magischen Tiere - Endlich Ferien</marc:subfield>
   </marc:datafield>
   <marc:datafield ind1="1" ind2=" " tag="520">
      <marc:subfield code="a">Geister, Geheimnisse und Mitternachtspartys! Henry und sein magischer Leopard Leander machen Urlaub in einem Schloss. Dort wohnen nämlich Henrys Großeltern. Nur seine eingebildeten Cousinen stören - höchste Zeit für einen Gruselstreich! Doch plötzlich spukt es wirklich! Was steckt dahinter? Zum Glück hat Henry mit Leander den besten Geisterjäger der Welt!</marc:subfield>
   </marc:datafield>
   <marc:datafield ind1=" " ind2=" " tag="020">
      <marc:subfield code="a">9783551653338</marc:subfield>
      <marc:subfield code="9">9783551653338</marc:subfield>
   </marc:datafield>
</marc:record>
